Obálka
Pro půjčování e-knih musíte být přihlášeni.
Jak si půjčit online?

Bětka a její cesta od Chmury /

Vyprávění o malé Bětce, jedné protivné čarodějnici a nových kamarádech. Podle stejnojmenné knížky čte sama autorka.

Uloženo v:
Hlavní autor: Boudová, Nela, 1967- (Autor, Vypravěč-komentátor)
Další autoři: Knop, Václav, 1949- (Autor)
Médium: E-audiokniha
Jazyk:Czech
Vydáno: Praha : XYZ, [2019]
Témata:
Tagy:
Žádné tagy
LEADER 02731nim a2200649 i 4500
001 313055
003 CZ PrSKC
005 20260601215734.0
007 sd fungnnmmned
008 190607t20192019xr nnnng h n cze
015 |a cnb003101753 
024 3 |a 8594050427129 
040 |a ABA001  |b cze  |e rda 
072 7 |a 821.162.3-3  |x Česká próza  |2 Konspekt 
072 7 |a 821-93  |x Literatura pro děti a mládež (beletrie)  |2 Konspekt 
080 |a 821.162.3-32  |2 MRF 
080 |a (0:82-32)  |2 MRF 
080 |a (086.7.053.2)  |2 MRF 
080 |a (086.7)08  |2 MRF 
080 |a (086.76)  |2 MRF 
100 1 |a Boudová, Nela,  |d 1967-  |7 xx0027069  |4 aut  |4 nrt 
245 1 0 |a Bětka a její cesta od Chmury /  |c napsala a čte Nela Boudová 
264 1 |a Praha :  |b XYZ,  |c [2019] 
264 4 |c ©2019 
300 |a 1 audiodisk (2 hod., 18 min., 22 sek.) ;  |c 12 cm 
306 |a 021822 
336 |a mluvené slovo  |b spw  |2 rdacontent 
337 |a audio  |b s  |2 rdamedia 
338 |a audiodisk  |b sd  |2 rdacarrier 
344 |a digital  |b optical  |2 rda 
347 |a audio soubor  |b MP3  |2 rda 
500 |a Název z disku 
500 |a Copyright Albatros Media 
500 |a Podle stejnojmenné knihy vydané nakladatelstvím XYZ v roce 2019 
508 |a Režie Václav Knop 
520 2 |a Vyprávění o malé Bětce, jedné protivné čarodějnici a nových kamarádech. Podle stejnojmenné knížky čte sama autorka. 
521 8 |a Pro posluchače od 8 let 
655 7 |a české příběhy  |7 fd133973  |2 czenas 
655 7 |a zvukové záznamy pro děti a mládež  |7 fd186726  |2 czenas 
655 7 |a audioknihy  |7 fd119452  |2 czenas 
655 7 |a kompaktní disky  |7 fd201991  |2 czenas 
700 1 |a Knop, Václav,  |d 1949-  |7 xx0079830  |4 drt 
900 |a ABA001  |b 18 
044 |a xr 
505 0 0 |t Betka-a-jeji-cesta-od-Chmury (19 min., 34 sek.) 
505 0 0 |t Betka-a-jeji-cesta-od-Chmury (23 min., 56 sek.) 
505 0 0 |t Betka-a-jeji-cesta-od-Chmury (10 min., 29 sek.) 
505 0 0 |t Betka-a-jeji-cesta-od-Chmury (4 min., 31 sek.) 
505 0 0 |t Betka-a-jeji-cesta-od-Chmury (27 min., 6 sek.) 
505 0 0 |t Betka-a-jeji-cesta-od-Chmury (7 min., 47 sek.) 
505 0 0 |t Betka-a-jeji-cesta-od-Chmury (12 min., 41 sek.) 
505 0 0 |t Betka-a-jeji-cesta-od-Chmury (5 min., 13 sek.) 
505 0 0 |t Betka-a-jeji-cesta-od-Chmury (22 min., 21 sek.) 
505 0 0 |t Betka-a-jeji-cesta-od-Chmury (4 min., 46 sek.) 
910 |a RBIT002 
998 |d 206735  |a https://core.palmknihy.cz/api/books/206735/cover?she80c  |b https://core.palmknihy.cz/api/books/206735/cover/400?she80c  |c https://core.palmknihy.cz/api/books/206735/cover/50?she80c  |e 2029-12-31  |i 8594050427129  |l 8280  |q 49  |r 1  |s https://www.palmknihy.cz/kniha/206735  |t audiobook  |y 2019  |z 0 
999 |d 313053